00345nam a2200121Ia 4500008004100000041000800041100005200049245006300101260002200164300000800186542001500194650001400209220531s9999 xx 000 0 und d amar aनाडगोंडे गुरुनाथ aऔदयोगिक समाजशास्‍त्र bContinentalc1995 a416 d02-03-1998 aSociology